Loading...
| Literature - American | 0 | 6 | 0 | 0 | 60 | 72 | 113.33 | 3 | 6 | 11.24 | 43.33 |
| Literature - World | 0 | 5 | 0 | 1 | 50 | 106 | 129.80 | 3 | 5 | 3.66 | 36.67 |
| Social Science | 0 | 3 | 0 | 1 | 30 | 83 | 98.00 | 2 | 3 | 6.02 | 23.33 |
| Fine Arts - Classical Music | 0 | 3 | 0 | 0 | 30 | 98 | 114.00 | 0 | 3 | 2.60 | 16.67 |
| Religion | 0 | 3 | 0 | 1 | 30 | 67 | 110.67 | 2 | 3 | 6.32 | 13.33 |
| Literature - European | 0 | 3 | 1 | 0 | 25 | 124 | 136.67 | 0 | 3 | 0.15 | 16.67 |
| Science - Physics | 0 | 2 | 0 | 1 | 20 | 118 | 123.50 | 0 | 2 | -0.17 | 6.67 |
| Mythology | 0 | 2 | 0 | 0 | 20 | 140 | 142.50 | 0 | 2 | 0.14 | 10.00 |
| Fine Arts - Painting and Sculpture | 0 | 2 | 0 | 0 | 20 | 134 | 138.00 | 0 | 2 | 0.07 | 6.67 |
| History - American | 0 | 2 | 1 | 0 | 15 | 109 | 111.50 | 0 | 2 | 1.95 | 13.33 |
| Literature - British | 0 | 2 | 1 | 1 | 15 | 141 | 143.00 | 0 | 2 | 0.07 | 13.33 |
| Philosophy | 0 | 2 | 1 | 1 | 15 | 122 | 126.50 | 0 | 2 | 0.08 | 6.67 |
| Science - Biology | 0 | 1 | 0 | 0 | 10 | 129 | 129.00 | 0 | 1 | 0.08 | 6.67 |
| Pop Culture | 0 | 1 | 0 | 0 | 10 | 128 | 128.00 | 1 | 1 | 1.01 | 33.33 |
| Current Events | 0 | 1 | 0 | 0 | 10 | 100 | 100.00 | 0 | 1 | 8.33 | 16.67 |
| History - World | 0 | 1 | 0 | 0 | 10 | 113 | 113.00 | 0 | 1 | 1.75 | 6.67 |
| Other Academic | 0 | 1 | 0 | 0 | 10 | 108 | 108.00 | 0 | 1 | 5.43 | 22.22 |
| Fine Arts - Other | 0 | 1 | 2 | 0 | 0 | 131 | 131.00 | 0 | 1 | 0.51 | 3.33 |
| Science - Chemistry | 0 | 0 | 0 | 0 | 0 | 0.00 | 0 | 0 | 0.00 | 0.00 |